000 01716cam a2200373 a 4500
001 EDZ0000996579
003 StDuBDS
005 20161031105258.0
006 m||||||||d||||||||
007 cr |||||||||||
008 141202s2010 caua fo| 001|0|eng|d
020 _a9781483387338 (ebook) :
_cNo price
040 _aStDuBDS
_beng
_cStDuBDS
_epn
049 _aAlfaisal Main Library
050 0 _aLB2831.92
_b.G733 2010
082 0 4 _a371.2012
_223
100 1 _aGray, Susan Penny.
245 1 0 _aLeading good schools to greatness
_h[electronic resource] :
_bmastering what great principals do well /
_cSusan Penny Gray, William A. Streshly ; foreword by George Manthey.
260 _aThousand Oaks, Calif. :
_bCorwin,
_cc2010.
300 _a1 online resource (xxiv, 183 p.) :
_bill.
504 _aIncludes bibliographical references and index.
520 8 _aGreat leaders are made, not born. Written by the authors of 'From Good Schools to Great Schools', this sequel shows how great school leaders can be developed and how leaders can acquire the powerful personal leadership characteristics that the best administrators use to lead their schools to greatness.
521 _aSpecialized.
588 _aDescription based on print version record.
650 0 _aSchool principals
_zUnited States.
650 0 _aEducational leadership
_zUnited States.
650 0 _aSchool management and organization
_zUnited States.
655 7 _aElectronic books.
_2local
700 1 _aStreshly, William A.
710 2 _aSage eBooks
776 0 8 _iPrint version :
_z9781412979788
856 4 0 _uhttp://ezproxy.alfaisal.edu/login?url=http://sk.sagepub.com/books/leading-good-schools-to-greatness
942 _2lcc
_cEBOOKS
999 _c483340
_d483340